|
|
|
|
| LEADER |
00913nam a2200229 a 4500 |
| 001 |
14227987 |
| 008 |
130723s2006 maua b 000 0 eng d |
| 010 |
|
|
|a 2006001213
|
| 020 |
|
|
|a 1422101843
|
| 020 |
|
|
|a 9781422101841
|
| 040 |
|
|
|a DLC
|c DLC
|d YDXCP
|d BAKER
|d OCLCQ
|d DLC
|d BD-DhAAL.
|
| 082 |
0 |
0 |
|a 658.4/022
|2 22
|
| 245 |
0 |
0 |
|a Leading teams :
|b expert solutions to everyday challenges.
|
| 260 |
|
|
|a Boston, Mass. :
|b Harvard Business School Pub.,
|c c2006.
|
| 300 |
|
|
|a xi, 100 p. :
|b ill. ;
|c 18 cm.
|
| 490 |
|
0 |
|a Pocket mentor series
|
| 504 |
|
|
|a Includes bibliographical references (p. 93-100).
|
| 541 |
|
|
|e 00027248
|
| 650 |
|
0 |
|a Teams in the workplace
|x Management.
|
| 852 |
1 |
|
|a Ayesha Abed Library
|j General shelf.
|
| 999 |
|
|
|c 13707
|d 13707
|
| 952 |
|
|
|0 0
|1 0
|2 ddc
|4 0
|6 658_402200000000000_LEA
|7 0
|9 22948
|a IGS
|b IGS
|c GEN
|d 2013-07-24
|e Paragon Enterprises Ltd.
|g 734.00
|l 0
|o 658.4022 LEA
|p 3010027248
|r 2013-07-24
|t 1
|w 2013-07-24
|y BK
|